Normal view MARC view

Entry Nombre personal

Number of records used in: 1

001 - NÚMERO DE CONTROL

  • campo de control: 240366

003 - IDENTIFICADOR DE NÚMERO DE CONTROL

  • campo de control: ES-MaACL

005 - FECHA Y HORA DE LA ÚLTIMA TRANSACCIÓN

  • campo de control: 20250512163652.0

008 - ELEMENTOS DE DATO DE LONGITUD-FIJA

  • campo de control de longitud fija: 901120nn aijnnaabn a aaa

016 ## - NÚMERO DE CONTROL DE UNA AGENCIA BIBLIOGRÁFICA NACIONAL

  • Número de control del registro: BNE19900023476

024 7# - IDENTIFICADOR DE OTROS ESTÁNDARES

  • Número estándar o código: http://www.wikidata.org/entity/Q657577
  • Fuente: wikidata

024 7# - IDENTIFICADOR DE OTROS ESTÁNDARES

  • Número estándar o código: http://viaf.org/viaf/4947372/
  • Fuente: viaf

024 7# - IDENTIFICADOR DE OTROS ESTÁNDARES

  • Número estándar o código: https://isni.org/isni/0000000110202915
  • Fuente: isni

040 ## - FUENTE DE CATALOGACIÓN

  • Centro catalogador/agencia de origen: SpMaBN
  • Lengua de catalogación: spa
  • Centro/agencia transcriptor: SpMaBN
  • Normas de descripción: rdc
  • Convención/Normas de encabezamiento de materia/tesauro: embne

046 ## - FECHAS CON CODIFICACIÓN ESPECIAL

  • Fecha de nacimiento: 1930
  • Fecha de la muerte: 2012

100 1# - ENCABEZAMIENTO-NOMBRE DE PERSONA

  • Nombre de persona: Borge, Tomás
  • Fechas asociadas al nombre: 1930-2012

370 ## - LUGAR ASOCIADO

  • Lugar de nacimiento: Matagalpa
  • Fuente de información: Wikidata

374 ## - OCUPACIÓN

  • Ocupación: Escritores
  • Ocupación: Diplomáticos
  • Fuente de información: Wikidata

375 ## - GÉNERO/SEXO

  • Género: Masculino
  • Fuente de información: Wikidata

377 ## - IDIOMA ASOCIADO

  • Término de lengua/lenguaje: Español

400 1# - TRAZADO DE VÉASE--NOMBRE DE PERSONA

  • Nombre de persona: Borge Martínez, Tomás
  • Fechas asociadas al nombre: 1930-2012

670 ## - FUENTE DE DATOS ENCONTRADOS

  • Cita de la fuente: El axioma de la esperanza, 1984

670 ## - FUENTE DE DATOS ENCONTRADOS

  • Cita de la fuente: WWW BN España aut. ;

670 ## - FUENTE DE DATOS ENCONTRADOS

  • Cita de la fuente: WWW Wikipedia, 17-01-2013
  • Información encontrada: (Tomás Borge; revolucionario, escritor y político nicaragüense; n. en Matagalpa (Nicaragua) en 1930, m. 2012)